[Event "Gibraltar Amateurs op-B"]
[Site "Caleta"]
[Date "2020.01.25"]
[Round "1"]
[White "Nash, Damian"]
[Black "Poggio, Freddie"]
[Result "1-0"]
[WhiteElo "1890"]
[BlackElo "1680"]
[PlyCount "43"]
[EventDate "2020.01.20"]
[EventType "swiss"]
[EventRounds "5"]
[EventCountry "GGB"]
[SourceTitle "CBM 194 Extra"]
[Source "ChessBase"]
[SourceDate "2020.03.31"]
[SourceVersion "1"]
[SourceVersionDate "2020.03.31"]
[SourceQuality "1"]

1. e4 c5 2. Nc3 Nc6 3. f4 e6 4. Nf3 d5 5. Bb5 a6 6. Bxc6+ bxc6 7. 0-0 c4 8. d3 cxd3 9. cxd3 Bc5+ 10. d4 Ba7 11. Kh1 dxe4 12. Nxe4 Ne7 13. b3 Nf5 14. Ne5 Qd5 15. Ng5 0-0 16. Ba3 Ne3 17. Qf3 Nxf1 18. Qh5 Ng3+ 19. hxg3 h6 20. Bxf8 hxg5 21. Qxf7+ Kh7 22. Qxg7# 1-0